| 000 | 00384cam a2200157ua 4500 | ||
|---|---|---|---|
| 041 |
_aeng _h |
||
| 082 |
_a823.301 _bVOE/BE |
||
| 100 | _aVoegeli, Max . | ||
| 245 |
_aBangar and the prince / _cMax Voegeli. _hTextual Documents |
||
| 250 |
_a1 / _b. |
||
| 260 |
_aLendon : _bOxford University Press , _c1959. |
||
| 300 | _a94 ; . | ||
| 504 | _a | ||
| 942 | _cBK | ||
| 999 |
_c2807 _d2807 |
||